000 01528nam a2200385 c 4500
003 BLK
005 20231103005239.0
008 180408b bul|||||r ||||||| ||bul||
010 _aKNG00079202000
020 _a978-954-27-0063-0
_bиздат.: Егмонт България
040 _aBLK
041 _aBUL
_cBUL
080 _aСеизмология
_b550.34
_x:087.5
_z550.34:087.5
100 1 _aГанери, Анита
_eпърви автор
_951038
700 1 _aФилипс, Майк
_eил.
_9296802
700 _aЧернева, Юлия Недкова
_d1955-
_9365526
139 _aГанери, Анита
_bГ 20
245 1 0 _aУнищожителни земетресения
_cАнита Ганери; прев. Юлия Чернева; ил. Майк Филипс.
257 _aGBR
260 София
_bЕгмонт България
_c2007
_fСофия : Инвестпрес
300 _a127 с.
_bс ил.
_c20 см
380 _aDN
490 1 _aСтраховитото в географията
500 _aОриг. загл. Horrible Geography. Earth-shattering Earthquakes / Anita Ganeri.
650 4 _aЗеметресения
_9156038
653 _aземетресения
653 _aдетска литература
653 _aлитература за деца
852 _aЦб 236813
856 4 _qpdf
_u
856 4 _qpdf
_u
942 _cKNG
_n0
944 _aCR
_c14.11.2007
_lCRON CRON
_k
944 _aED
_c23.12.2009
_lф /
_k
999 _c74798
_d74798